| 000 | 01042npm a2200241 i 4500 | ||
|---|---|---|---|
| 001 | 5242 | ||
| 003 | ES-MaACL | ||
| 005 | 20230909114313.0 | ||
| 007 | hzrazu bucu | ||
| 008 | 900425r19901621sp a 00010 spa d | ||
| 080 | _a9(465.2)"15" | ||
| 080 | _a282(465.2)"15" | ||
| 100 | 1 |
_aBlasco de Lanuza, Vincencio. _929386 |
|
| 245 | 1 | 0 |
_aHistorias eclesiasticas y secvlares de Aragon en qve se continvan loa annales de Curita, y tiempos de Carlos V _b: [Microforma] / _cpor Vincencio Blasco de Lanuza. |
| 260 |
_aMadrid : _bAteneo Cientifico, Literario y Artistico, _c1990. |
||
| 300 |
_a1 carrete de microfilme : _bnegativo ; _c16 mm. |
||
| 500 | _aPublicado originalmente: Caragoca, Ivan de Lanaia y Qvartanet, 1621-1622, en 2 v. | ||
| 505 | 8 | _at. I. Cinco libros, desde la guerra de Granada hasta el gobierno de Filipo el Prudente y año 1556 -- t. II. Desde el año 1556 hasta el de 1618 | |
| 650 | 1 | 4 |
_aObras anteriores a 1800. _915661 |
| 852 |
_aES-MaACL _jMC-380 _95359 |
||
| 942 |
_2udc _cMICROFORMA |
||
| 999 |
_c5242 _d5242 |
||